[Event "Dortmund Helmut Kohl"]
[White "Kruse, Janik"]
[Black "Salem Elier, Ali"]
[Site "Dortmund"]
[Round "8"]
[Result "1-0"]
[Date "2017.07.22"]
[WhiteElo "2071"]
[BlackElo "1965"]
[PlyCount "105"]
[EventDate "2017.07.15"]
[EventType "tourn"]
[EventRounds "9"]
[EventCountry "GER"]
[SourceTitle "CBM 179 Extra"]
[Source "ChessBase"]
[SourceDate "2017.08.23"]
[SourceVersion "1"]
[SourceVersionDate "2017.08.23"]
[SourceQuality "1"]

1. d4 d5 2. c4 e6 3. Nc3 Nf6 4. cxd5 exd5 5. Bg5 Nbd7 6. e3 Be7 7. Bd3 0-0 8. Nge2 c6 9. Qc2 h6 10. Bh4 Re8 11. 0-0 Nh5 12. Bxe7 Qxe7 13. Rab1 Ndf6 14. b4 Ne4 15. Nxe4 dxe4 16. Bc4 Be6 17. Rfc1 Bxc4 18. Qxc4 Qe6 19. b5 Re7 20. bxc6 bxc6 21. Qxc6 Rae8 22. Qxe6 Rxe6 23. Rc7 Ra6 24. Nc3 Ree6 25. g3 Nf6 26. Rbb7 Rec6 27. Nb5 Rxc7 28. Rxc7 Rxa2 29. Rxa7 Rc2 30. Nd6 Ng4 31. Nxe4 f5 32. h3 Nxe3 33. fxe3 fxe4 34. Re7 Rc1+ 35. Kf2 Rc2+ 36. Ke1 Rc1+ 37. Kd2 Rh1 38. Rxe4 Rxh3 39. g4 h5 40. d5 hxg4 41. Rxg4 Kf7 42. Kd3 Kf6 43. Kd4 g5 44. Rg2 Kf5 45. Rf2+ Kg4 46. d6 Kg3 47. Rf7 g4 48. d7 Rh8 49. Rg7 Kf3 50. e4 g3 51. Kd5 g2 52. e5 Rh7 53. d8Q 1-0

[Event "Dortmund Helmut Kohl"]
[White "Kueppers, Timo"]
[Black "Salem Elier, Ali"]
[Site "Dortmund"]
[Round "4"]
[Result "0-1"]
[Date "2017.07.18"]
[WhiteElo "2033"]
[BlackElo "1965"]
[PlyCount "80"]
[EventDate "2017.07.15"]
[EventType "tourn"]
[EventRounds "9"]
[EventCountry "GER"]
[SourceTitle "CBM 179 Extra"]
[Source "ChessBase"]
[SourceDate "2017.08.23"]
[SourceVersion "1"]
[SourceVersionDate "2017.08.23"]
[SourceQuality "1"]

1. c4 e6 2. g3 Nf6 3. Bg2 d5 4. Nf3 Be7 5. 0-0 c5 6. b3 Nc6 7. Bb2 0-0 8. e3 b6 9. Nc3 Bb7 10. d3 Rc8 11. Qe2 Qc7 12. Rad1 Qb8 13. Ne1 Rfd8 14. Nf3 Qa8 15. cxd5 Nxd5 16. Nxd5 Rxd5 17. h4 Rd7 18. Kh2 Rcd8 19. Bh1 Qc8 20. Ne5 Nxe5 21. Bxb7 Qxb7 22. Bxe5 Qa6 23. Rd2 f6 24. Ba1 Rxd3 25. Rfd1 c4 26. bxc4 Rxd2 27. Rxd2 Rxd2 28. Qxd2 Qxc4 29. Qd7 Kf7 30. Qxa7 Qf1 31. Bd4 Qxf2+ 32. Kh1 Qxg3 33. Bxb6 Qxh4+ 34. Kg2 Qg5+ 35. Kf2 h5 36. a4 h4 37. a5 Qg3+ 38. Kf1 Qf3+ 39. Ke1 h3 40. Bc7 Bb4# 0-1

[Event "GER-ch U25-A"]
[White "Salem Elier, Ali"]
[Black "Bilecen, Simon"]
[Site "Willingen"]
[Round "3"]
[Result "1/2-1/2"]
[Date "2016.05.16"]
[WhiteElo "1778"]
[BlackElo "1474"]
[PlyCount "41"]
[EventDate "2016.05.15"]
[EventType "swiss"]
[EventRounds "9"]
[EventCountry "GER"]
[SourceTitle "CBM 172 Extra"]
[Source "ChessBase"]
[SourceDate "2016.06.21"]
[SourceVersion "1"]
[SourceVersionDate "2016.06.21"]
[SourceQuality "1"]

1. e4 c5 2. Nf3 Nc6 3. d4 cxd4 4. c3 dxc3 5. Nxc3 e6 6. Bc4 Bc5 7. Bf4 a6 8. 0-0 Nge7 9. Ne5 d6 10. Nd3 b5 11. Bb3 0-0 12. Nxc5 dxc5 13. Qh5 Ng6 14. Qxc5 Nxf4 15. Qxc6 Qg5 16. g3 Ra7 17. Kh1 b4 18. gxf4 Qxf4 19. Qb6 Qf3+ 20. Kg1 Qg4+ 21. Kh1 1/2-1/2

[Event "GER-ch U25-A"]
[White "Salem Elier, Ali"]
[Black "Hesse, Henrik"]
[Site "Willingen"]
[Round "1"]
[Result "1/2-1/2"]
[Date "2016.05.15"]
[WhiteElo "1778"]
[BlackElo "1922"]
[PlyCount "36"]
[EventDate "2016.05.15"]
[EventType "swiss"]
[EventRounds "9"]
[EventCountry "GER"]
[SourceTitle "CBM 172 Extra"]
[Source "ChessBase"]
[SourceDate "2016.06.21"]
[SourceVersion "1"]
[SourceVersionDate "2016.06.21"]
[SourceQuality "1"]

1. e4 e5 2. Nf3 Nf6 3. Nxe5 d6 4. Nxf7 Kxf7 5. d4 Be7 6. Nc3 c6 7. f4 Rf8 8. e5 dxe5 9. fxe5 Nd5 10. Qh5+ Kg8 11. Bd3 g6 12. Bxg6 hxg6 13. Qxg6+ Kh8 14. Qh6+ Kg8 15. Qg6+ Kh8 16. Qh6+ Kg8 17. Qg6+ Kh8 18. Qh6+ Kg8 1/2-1/2

[Event "GER-chT U14"]
[White "Salem Elier, Ali"]
[Black "Holinka, Henning"]
[Site "Verden"]
[Round "6.2"]
[Result "0-1"]
[Date "2015.12.29"]
[WhiteElo "1567"]
[BlackElo "1975"]
[PlyCount "82"]
[EventDate "2015.12.27"]
[EventType "team-swiss"]
[EventRounds "7"]
[EventCountry "GER"]
[SourceTitle "EXT 2017"]
[Source "ChessBase"]
[SourceDate "2016.10.25"]
[SourceVersion "1"]
[SourceVersionDate "2016.10.25"]
[SourceQuality "1"]
[WhiteTeam "Brackel"]
[BlackTeam "Hamburger SK"]
[WhiteTeamCountry "GER"]
[BlackTeamCountry "GER"]

1. e4 g6 2. d4 Bg7 3. Nc3 a6 4. a4 d6 5. h4 h5 6. Bc4 Nf6 7. Nh3 e6 8. Bg5 Nbd7 9. f4 e5 10. dxe5 dxe5 11. fxe5 Nxe5 12. Qxd8+ Kxd8 13. 0-0-0+ Ke8 14. Bb3 Bg4 15. Rd2 c6 16. Nf2 Rd8 17. Nxg4 hxg4 18. Rxd8+ Kxd8 19. Kd1 Ke7 20. Ke2 Bh6 21. Bxh6 Rxh6 22. Kf2 g5 23. g3 Nf3 24. Bc4 gxh4 25. gxh4 Nxh4 26. Bd3 Kd6 27. Rf1 Ke5 28. Nd1 Nxe4+ 29. Bxe4 Rf6+ 30. Ke1 Rxf1+ 31. Kxf1 Kxe4 32. Nf2+ Kf3 33. Nd3 f5 34. a5 g3 35. Ne5+ Ke4 36. Nd3 f4 37. Ke2 f3+ 38. Kf1 Ke3 39. b4 g2+ 40. Kg1 Nf5 41. b5 Nd4 0-1

[Event "GER-chT U14"]
[White "Roth, Jakob"]
[Black "Salem Elier, Ali"]
[Site "Verden"]
[Round "4.2"]
[Result "1-0"]
[Date "2015.12.28"]
[WhiteElo "1674"]
[BlackElo "1567"]
[PlyCount "65"]
[EventDate "2015.12.27"]
[EventType "team-swiss"]
[EventRounds "7"]
[EventCountry "GER"]
[SourceTitle "EXT 2017"]
[Source "ChessBase"]
[SourceDate "2016.10.25"]
[SourceVersion "1"]
[SourceVersionDate "2016.10.25"]
[SourceQuality "1"]
[WhiteTeam "Stetten"]
[BlackTeam "Brackel"]
[WhiteTeamCountry "GER"]
[BlackTeamCountry "GER"]

1. d4 Nf6 2. c4 g6 3. Nc3 Bg7 4. e4 d6 5. Nf3 0-0 6. Be2 e5 7. d5 Ne8 8. 0-0 f5 9. Nd2 f4 10. b4 g5 11. c5 Nf6 12. f3 h5 13. a4 g4 14. Nc4 g3 15. hxg3 fxg3 16. Bg5 Bh6 17. Bh4 Rf7 18. Bxg3 Rg7 19. Bh4 Na6 20. cxd6 cxd6 21. Qb3 Bd7 22. Nb5 Bxb5 23. axb5 Nc7 24. Na5 Nce8 25. Bf2 Qd7 26. Be3 Bxe3+ 27. Qxe3 h4 28. Nc4 Nh5 29. Nb6 Rxg2+ 30. Kxg2 Qg7+ 31. Kh1 Ng3+ 32. Kh2 Nxf1+ 33. Bxf1 1-0

[Event "Dortmund Sparkassen op-B"]
[White "Salem Elier, Ali"]
[Black "Burosch, Raimund"]
[Site "Dortmund"]
[Round "3"]
[Result "1/2-1/2"]
[Date "2014.07.14"]
[WhiteElo "1458"]
[BlackElo "1404"]
[PlyCount "41"]
[EventDate "2014.07.12"]
[EventType "swiss"]
[EventRounds "9"]
[EventCountry "GER"]
[SourceTitle "EXT 2022"]
[Source "ChessBase"]
[SourceDate "2021.10.06"]
[SourceVersion "1"]
[SourceVersionDate "2021.10.06"]
[SourceQuality "1"]

1. e4 c5 2. d4 cxd4 3. c3 d6 4. cxd4 a6 5. Bc4 e6 6. Nc3 Nf6 7. Qe2 Nc6 8. Nf3 Be7 9. Bb3 b5 10. 0-0 0-0 11. Be3 Bb7 12. Rac1 Rc8 13. Rfd1 Na5 14. Bc2 Nc4 15. Re1 Nxb2 16. Nxb5 Nxe4 17. Bxe4 Bxe4 18. Na7 Rxc1 19. Rxc1 Nd3 20. Rd1 Qd7 21. d5 1/2-1/2

[Event "GER-chT U12"]
[White "Salem Elier, Ali"]
[Black "Holinka, Henning"]
[Site "Schney"]
[Round "6.3"]
[Result "1/2-1/2"]
[Date "2013.12.29"]
[WhiteElo "1206"]
[BlackElo "1691"]
[PlyCount "66"]
[EventDate "2013.12.27"]
[EventType "team-swiss"]
[EventRounds "7"]
[EventCountry "GER"]
[SourceTitle "EXT 2015"]
[Source "ChessBase"]
[SourceDate "2014.11.20"]
[SourceVersion "1"]
[SourceVersionDate "2014.11.20"]
[SourceQuality "1"]
[WhiteTeam "Brackel"]
[BlackTeam "Hamburger SK"]
[WhiteTeamCountry "GER"]
[BlackTeamCountry "GER"]

1. e4 e5 2. Nf3 Nc6 3. Bc4 Bc5 4. b4 Bxb4 5. c3 Ba5 6. d4 exd4 7. 0-0 Nge7 8. cxd4 d5 9. exd5 Nxd5 10. Ba3 Nce7 11. Qb3 c6 12. Bxe7 Kxe7 13. Bxd5 Qxd5 14. Qa3+ Kd8 15. Nc3 Bxc3 16. Qxc3 Be6 17. Rab1 Kc8 18. Rb2 f6 19. Rfb1 b6 20. Nd2 Kd7 21. Rc1 Rac8 22. Nb3 Rc7 23. Re1 Re8 24. Rd2 Kc8 25. Rde2 Rd7 26. f4 Kb7 27. Qb2 Ka8 28. Qc2 g6 29. g4 Qf3 30. Rg2 Ree7 31. Rf1 Qe3+ 32. Rff2 Bxb3 33. Qxc6+ Kb8 1/2-1/2